| 000 | 01039cas a22002295 4500 | ||
|---|---|---|---|
| 001 | L139822 | ||
| 008 | 111114c2011 xxuar ws ss 0 a0eng u | ||
| 035 | _a(Sirsi) u139822 | ||
| 041 | 0 | _aeng | |
| 050 | _a333.33 $2 18 | ||
| 110 | 2 |
_aNAI Global _95315 |
|
| 245 | 0 | 0 |
_aInternational property guide _h[electronic resource] |
| 260 | 3 |
_aPrinceton _bNAI Global _c2011- |
|
| 362 | 0 | _a2011- | |
| 490 | 0 |
_aNAI Global International Property Guide _v2011- |
|
| 520 | _aProvides acquisition and costs, landlord and tenant information including rent reviews, indexation, repairs and maintenance for countries in the following regions: Asia Pacific, Europe, Middle East and Africa, Latin America and the Caribbean, and North America. | ||
| 650 | 2 | 4 | _aNAI GLOBAL INTERNATIONAL PROPERTY GUIDE |
| 651 | 4 | _aInternational | |
| 690 | _aPROPERTY-COMMERCIAL PROPERTY-COMMERCIAL PROPERTY MARKET | ||
| 856 | 4 | 0 |
_uhttps://www.naiglobal.com/GlobalPubs/default.aspx?pubType=NAID00000007 _zView the item free of charge at www.naiglobal.com |
| 942 |
_n0 _2ddc |
||
| 999 |
_c119134 _d119134 |
||